000 00599nam a22001697a 4500
008 170424b xxu||||| |||| 00| 0 eng d
020 _a0-697-37201-4
082 _21997
_aDC 301.2
_bAn8
245 _aAnnual edition:
_banthropology, 1997/98.
_cedited by Elvio Angeloni
250 _aTwentieth Edition
260 _aGuilford, Connecticut:
_bDushkin Publishing Group/Brown & Benchmark Publishers,
_cc1997.
300 _avi, 244 pages:
_billustrations;
_c27 cm.
500 _aIncludes index.
650 0 _920073
_aAnthropology
_vPeriodicals
700 _920075
_aAngeloni, Elvio
_eeditor
942 _2ddc
_cDC
999 _c6629
_d6629